00783nam a2200229 a 4500008004100000020003000041040001600071245010500087260005200192300005300244336002800297337003000325338002900355504004300384500002000427650002700447700002300474700002300497700001500520003000100535005001700536  a9780128134771 (paperback) aNUST cNUST10aBiomaterials in Transitional Medicine /cedited by Yang Lei, Bhadhuri Sarit B. and Webster Thomas J. aUnited Kingdom :bHigher Education Press,c2019 axvii, 344 pages :bcolour illustrations ;c23 cm atextbtxt2rdacontent  aunmediatedbn2rdamedia  avolumebnc2rdacarrier  aIncludes bibliographical references.  aIncludes index. 1aTransitional Medicine. aWebster, Thomas J. aBhadhuri, Sarit B. aYang, Lei.20230120204331.0